• 首页
  • 本馆介绍
  • 公告通知
  • 最新文献
  • 馆藏检索
  • 电子资源
  • 读者导购
  • 参考咨询
  • 我的图书馆
  • 登录
  • 详细信息显示
  • 放入我的书架
  • 预约/预借图书
  • 作者相关作品
  • 分类相关作品
  • 丛书相关作品
  • 出版社相关作品

书目信息

  • 表格格式
  • 工作单格式
  • 卡片格式
书名: Puntos de partida
作者: Marty Kn orre ... [et al.].
分册号:
分册名:
出版地: Boston :
 
出版社: McGraw-Hill
出版时间: 2001.
页数: xxxvii,614 p. :
开本: 27cm.
丛书名:
中图分类号:
科图分类号:
其他分类号: H34
主题词:
电子资源:
000 00738nam a2200229 a 4500
001 E0729365546
003 CAL
005 20070512081717.07
008 040413s19812001maua rb 001 0 eng d
020    @a0072382619 (instrucor's edition ).
020    @a0072320710 (student's edition ) :@cCNY310.00.
040    @aNEFU@cNEFU
090    @aH34
093    @aH34@24
099    @dH34@ex6=6
245 00 @aPuntos de partida :@ban invitation to Spanish / @cMarty Kn orre ... [et al.].
250    @aanniversary ed,6th ed.
260    @aBoston :@bMcGraw-Hill,@c2001.
300    @axxxvii,614 p. :@bill. (some col.), maps ;@c27cm.
500    @aIncludes index.
650  0 @aSpanish language@xTextbooks for foreign speakers@xEnglish
700 1  @aKnorre, Marty
    
    Puntos de partida : : an invitation to Spanish / / Marty Kn orre ... [et al.].-anniversary ed,6th ed.-Boston : : McGraw-Hill, , 2001.
    xxxvii,614 p. : : ill. (some col.), maps ; ; 27cm.
    Includes index.
    
    ISBN 0072382619 (instrucor's edition ).
    
●
相关链接 在E读中查询图书 在五车中查询图书 在当当中查询图书 在豆瓣中查询图书


正题名:Puntos de partida     索取号:H34/x6=6         预约/预借

序号 登录号 条形码 馆藏地/架位号 状态 备注
1 8224   300082247   第二样本阅览室/ [索取号:H34/x6=6] 在馆    
2 8225   300082256   第四借阅区/ [索取号:H34/x6=6] 在馆    
唐山师范学院图书馆 欢迎您!
大连网信软件有限公司© 版权所有